Carraher's polymer chemistry / (Record no. 17076)

MARC details
000 -LEADER
fixed length control field 03673nam a22003615i 4500
001 - CONTROL NUMBER
control field 16432987
003 - CONTROL NUMBER IDENTIFIER
control field EG-ScBUE
005 - DATE AND TIME OF LATEST TRANSACTION
control field 20251210091927.0
008 - FIXED-LENGTH DATA ELEMENTS--GENERAL INFORMATION
fixed length control field 100825t2011 flua f bd 001 0 eng d
020 ## - INTERNATIONAL STANDARD BOOK NUMBER
International Standard Book Number 9781439809556 (hardback)
040 ## - CATALOGING SOURCE
Original cataloging agency EG-ScBuE
Language of cataloging eng
Description conventions rda
Transcribing agency EG-ScBuE
Modifying agency EG-ScBUE
082 04 - DEWEY DECIMAL CLASSIFICATION NUMBER
Classification number 547.7
Edition number 22
Item number CAR
100 1# - MAIN ENTRY--PERSONAL NAME
Personal name Carraher, Charles E.,
9 (RLIN) 31181
Titles and other words associated with a name Jr.,
Dates associated with a name 1941-
Relator term author.
245 10 - TITLE STATEMENT
Title Carraher's polymer chemistry /
Statement of responsibility, etc Charles E. Carraher, Jr.
246 30 - VARYING FORM OF TITLE
Title proper/short title Polymer chemistry
250 ## - EDITION STATEMENT
Edition statement Eighth edition.
264 #1 - PUBLICATION, DISTRIBUTION, ETC. (IMPRINT)
Place of publication, distribution, etc Boca Raton :
Name of publisher, distributor, etc CRC Press / Taylor & Francis Group,
Date of publication, distribution, etc [2011]
264 #4 - PUBLICATION, DISTRIBUTION, ETC. (IMPRINT)
Date of publication, distribution, etc c2011
300 ## - PHYSICAL DESCRIPTION
Extent xxxvi, 788 pages :
Other physical details illustrations ;
Dimensions 27 cm
336 ## - CONTENT TYPE
Source rdacontent
Content type term text
Content type code txt
337 ## - MEDIA TYPE
Media type term unmediated
Source rdamedia
Media type code n
338 ## - CARRIER TYPE
Carrier type term volume
Carrier type code nc
Source rdacarrier
500 ## - GENERAL NOTE
General note Includes glossary.<br/>
500 ## - GENERAL NOTE
General note Includes Appendices.<br/>
504 ## - BIBLIOGRAPHY, ETC. NOTE
Bibliography, etc Includes bibliographical references and index.<br/>
520 ## - SUMMARY, ETC.
Summary, etc "Updated to reflect a growing focus on green chemistry in the scientific community and in compliance with the American Chemical Society's Committee on professional training guidelines, Carraher's polymer chemistry, eighth edition integrates the core areas that contribute to the growth of polymer science. It supplies the basic understanding of polymers essential to the training of science, biomedical, and engineering students. New in the eighth edition: updating of analytical, physical, and special characterization techniques. Increased emphasis on carbon nanotubes, tapes and glues, butyl rubber, polystyrene, polypropylene, polyethylene, poly(ethylene glycols), shear-thickening fluids, photo-chemistry and photophysics, dental materials, and aramids. New sections on copolymers, including fluoroelastomers, nitrile rubbers, acrylonitrile-butadiene-styrene terpolymers, and EPDM rubber. New units on spliceosomes, asphalt, and fly ash and aluminosilicates. Larger focus on the molecular behavior of materials, including nano-scale behavior, nanotechnology, and nanomaterials. Continuing the tradition of providing a user-friendly approach to the world of polymeric materials, the book allows students to integrate their chemical knowledge and establish a connection between fundamental and applied chemical information. It contains all of the elements of an introductory text with synthesis, property, application, and characterization. Special sections in each chapter contain definitions, learning objectives, questions, and additional reading, and case studies are woven into the text fabric. Symbols, trade names, websites, and other useful ancillaries appear in appendices to supplement the text"--Provided by publisher.
520 ## - SUMMARY, ETC.
Summary, etc "This new edition of Carraher's Polymer Chemistry maintains the scope and organization of its bestselling predecessors, while fulfilling the ACS-CPT advanced course requirement. Emphasizing the fundamental behavior of polymers in nature reflected in technological developments, it features new chapters on composites, fibers, and naturally occurring polymers in plants and animals. It also highlights nanoscale polymer applications with new sections on drug design, electronics, optical fibers, textiles, and adhesives. Each chapter includes study tips, glossaries, and exercises. This edition also expands listings for lab exercises, polymer structures, trade names, and Internet resources. Professors adopting the text will be aided by a test-bank available for their exclusive use"--Provided by publisher.
650 #7 - SUBJECT ADDED ENTRY--TOPICAL TERM
Topical term or geographic name as entry element Polymers.
9 (RLIN) 31182
Source of heading or term BUEsh
650 #7 - SUBJECT ADDED ENTRY--TOPICAL TERM
Topical term or geographic name as entry element Polymerization.
9 (RLIN) 31183
Source of heading or term BUEsh
653 ## - INDEX TERM--UNCONTROLLED
Resource For college Pharmacy
Arrived date list August2015
655 ## - INDEX TERM--GENRE/FORM
Form subdivision Reading book
942 ## - ADDED ENTRY ELEMENTS (KOHA)
Source of classification or shelving scheme Dewey Decimal Classification
Koha item type Book - Borrowing
Holdings
Withdrawn status Lost status Source of classification or shelving scheme Damaged status Not for loan Collection code Home library Current library Shelving location Date acquired Source of acquisition Cost, normal purchase price Serial Enumeration / chronology Total Checkouts Full call number Barcode Date last seen Price effective from Koha item type Date checked out Total Renewals
    Dewey Decimal Classification     Baccah Central Library Central Library First floor 17/10/2012   280.00 12   547.7 CAR 000027706 15/07/2025 17/10/2012 Book - Borrowing    
    Dewey Decimal Classification     Baccah Central Library Central Library First floor 17/10/2012   280.00 12 1 547.7 CAR 000027707 15/07/2025 17/10/2012 Book - Borrowing 20/02/2018  
    Dewey Decimal Classification     Baccah Central Library Central Library First floor 13/02/2013         547.7 CAR 000028226 15/07/2025 13/02/2013 NB - Book (Non borrowing)    
    Dewey Decimal Classification     Baccah Central Library Central Library First floor 13/02/2013       1 547.7 CAR 000028227 15/07/2025 13/02/2013 Book - Borrowing 14/10/2014 20